Boletín eclesiástico : órgano oficial de la Arquidiócesis de Guadalajara /

El Boletín Eclesiástico es el órgano oficial de comunicación de la Arquidiócesis de Guadalajara, fundado el 22 de enero de 1876 por el entonces arzobispo Pedro Loza y Pardavé. Desde su origen, esta publicación ha tenido como propósito central difundir los comunicados oficiales de la autoridad eclesi...

Szczegółowa specyfikacja

Zapisane w:
Opis bibliograficzny
Korporacja: Iglesia Católica en México, Guadalajara. Diócesis de Guadalajara
Format: Wydawnictwo ciągłe
Język:hiszpański
Hasła przedmiotowe:
Etykiety: Dodaj etykietę
Nie ma etykietki, Dołącz pierwszą etykiete!

MARC

LEADER 00000nas^a2200000^a^4500
001 000186899
005 20260311000000.0
009 20260407171942.541
037 |a Acervo ITESO - Biblioteca 
041 |a ESP 
094 |a 1045 
222 0 |a Boletín eclesiástico :,  |b (órgano oficial de la Arquidiócesis de Guadalajara /) 
240 1 1 |a [Boletín eclesiástico] 
245 0 0 |a Boletín eclesiástico :  |b órgano oficial de la Arquidiócesis de Guadalajara / 
264 |a Guadalajara, México :  |b Arquidiócesis de Guadalajara,  |c 2006 
300 |a volúmenes 
310 |a Mensual 
336 |a texto  |b txt  |2 rdacontenido 
337 |a sin mediación  |b n  |2 rdamedio 
338 |a volumen  |b nc  |2 rdasoporte 
362 |a Año 117, no. 1- 
520 |a El Boletín Eclesiástico es el órgano oficial de comunicación de la Arquidiócesis de Guadalajara, fundado el 22 de enero de 1876 por el entonces arzobispo Pedro Loza y Pardavé. Desde su origen, esta publicación ha tenido como propósito central difundir los comunicados oficiales de la autoridad eclesiástica, así como la promoción de la vida pastoral, doctrinal y cultural de la Iglesia en el occidente de México. Se trata de una publicación mensual, editada y distribuida por la propia Arquidiócesis, que incluye en cada número una variedad de secciones cuidadosamente estructuradas. Entre ellas destacan: Sección Pontificia, que informa sobre las actividades de la Santa Sede; Sección Arquidiocesana, donde se documentan los eventos, nombramientos, circulares y decretos emitidos por el arzobispo en turno; Documentos oficiales, como edictos, cartas pastorales y lineamientos canónicos; Colaboraciones, que incluyen artículos de opinión, crónicas históricas, ensayos teológicos, reseñas de libros y estudios sobre la vida eclesial. Incluye, además, artículos sobre aspectos particulares de la vida diocesana, el diálogo interreligioso, la acción pastoral, la evangelización, y el fortalecimiento de las comunidades de fe. En la hemeroteca de la Biblioteca ITESO se conserva la colección de este boletín a partir de su año 117, número 1, (enero de 2006) hasta la actualidad aunque con ausencia de algunos números. 
599 |a Vigente  |b Donación 
649 |a XX 
650 |a Iglesia Católica en Guadalajara, Jalisco -  |x Publicaciones Periódicas -  |x Tema Principal 
650 |a Iglesia Católica -  |x Publicaciones Periódicas Jaliscienses 
650 |a Iglesia Católica -  |x Publicaciones Periódicas Mexicanas 
650 |a Publicaciones Periódicas Jaliscienses 
650 |a Publicaciones Periódicas Mexicanas 
710 |a Iglesia Católica en México, Guadalajara.  |b Diócesis de Guadalajara 
910 |a Fondo General 
920 |a Impresos - Publicaciones Periódicas 
905 |a 105 
902 |a https://opac.biblio.iteso.mx/vufind/Record/000186899